000 00545nam a2200193Ia 4500
003 OSt
005 20240416163236.0
008 210210b1972 xxu||||| |||| 00| 0 eng d
040 _cAL
041 _aHindi
082 _aH891.4 WADA
100 _aWADDINGTON (C H).
_dवाडिंगटन (सीएच)
_9160878
245 _aAdhunik jiv vijnan.
_b आधुनिक जिव विज्ञान
260 _aDilli
_bKaipital Buk Haus
_c1972
300 _a160
690 _aHindi Prose
_9160879
906 _a029300
942 _2ddc
_cBK
999 _c80521
_d80521